00608nam a2200169Ia 4500008004100000020001500041041001200056082001600068100001600084245009500100260003300195300000800228650000800236942000700244999001500251952017200266221030s9999 xx 000 0 und d a8172247788 aEnglish a105.23bFio aJ. M. Fiore 0aOperational Amplifiers & Linear Integrated Circuits : Theory & Applicationcby J. M. Fiore bJaico Pub.aNew Delhic2002 a615 aECE cBK c4597d4597 pBE 7724g225.00l0o105.23 Fior2024-06-13 00:00:00w2022-10-30yBK003Print4070aMIETLIBbMIETLIBcBL-Academic Block- A, FL-1, CUP-10, SH-2, R-2d2005-11-1910HBE